[Event "Open Ricany 2006"]
[Site "?"]
[Date "2006.??.??"]
[Round "7.20"]
[White "Lexa, Vaclav"]
[Black "Kovar, Josef"]
[Result "0-1"]
[WhiteElo "1927"]
[BlackElo "1981"]
[PlyCount "98"]
[EventDate "2006.??.??"]

1. d4 Nf6 2. c4 g6 3. Nc3 Bg7 4. e4 d6 5. Nf3 O-O 6. Be2 e5 7. O-O Nc6 8. d5
Ne7 9. Be3 Ng4 10. Bg5 h6 11. Bh4 g5 12. Bg3 f5 13. exf5 Nxf5 14. Ne4 Nf6 15.
Nfd2 Nd4 16. Bd3 Bf5 17. Nxf6+ Qxf6 18. Ne4 Qg6 19. f3 g4 20. Kh1 Rf7 21. Bf2
Raf8 22. Bxd4 exd4 23. Qe2 h5 24. Rad1 h4 25. Nf2 g3 26. Bxf5 Rxf5 27. Ng4 Re8
28. Qd2 gxh2 29. Qf2 d3 30. Qxh4 Rh5 31. Qf2 Re2 32. Qxa7 d2 33. Qa5 Qd3 34.
Qa3 Qxc4 35. Qa8+ Kh7 36. Qxb7 Qf4 37. Qxc7 Qg3 38. Qc2+ Kg8 39. Ne3 Re5 40.
Rxd2 R2xe3 41. Qc8+ Re8 42. Qg4 Qe5 43. f4 Qe4 44. Kxh2 Rd3 45. Rxd3 Qxd3 46.
Rd1 Qe4 47. b3 Kf7 48. Rc1 Rh8+ 49. Kg1 Qe3+ 0-1

[Event "Open Ricany 2006"]
[Site "?"]
[Date "2006.??.??"]
[Round "7.28"]
[White "Vorackova, Jarmila"]
[Black "Maly, Filip"]
[Result "0-1"]
[WhiteElo "1908"]
[BlackElo "1987"]
[PlyCount "104"]
[EventDate "2006.??.??"]

1. d4 c5 2. d5 e5 3. e4 d6 4. Bd3 g6 5. Nd2 Bg7 6. b3 Ne7 7. Bb2 Nd7 8. f4 O-O
9. Nc4 Nb6 10. fxe5 Nxc4 11. Bxc4 dxe5 12. Nf3 Bg4 13. O-O Nc8 14. Qe1 Bxf3 15.
Rxf3 Nd6 16. Bd3 c4 17. Bf1 Rc8 18. Ba3 cxb3 19. cxb3 Qb6+ 20. Kh1 Rfd8 21.
Bxd6 Rxd6 22. g4 Bh6 23. Qh4 Bf4 24. Rh3 h6 25. Bd3 Rf6 26. Rf1 Rc3 27. Rhf3
Rd6 28. Qf2 Qc7 29. Qxa7 Rd8 30. Bc4 Rxf3 31. Rxf3 Qe7 32. Qf2 Rc8 33. a4 Qa3
34. Rd3 Rxc4 35. d6 Qc1+ 36. Qg1 Qxg1+ 37. Kxg1 Rd4 38. Rc3 Rxd6 39. Rc7 Rb6
40. Rc3 Rb4 41. Kg2 Rxe4 42. Kf3 Rd4 43. h3 Kg7 44. Rc7 Rd3+ 45. Ke4 Rxb3 46.
Kd5 Rb4 47. a5 Rb5+ 48. Kc4 Rxa5 49. Rxb7 Ra3 50. Rc7 Rxh3 51. Kd5 Rg3 52. Kd6
Kf6 0-1

[Event "Open Ricany 2006"]
[Site "?"]
[Date "2006.??.??"]
[Round "7.18"]
[White "Tejkal, Jiri"]
[Black "Ruzicka, Vaclav"]
[Result "1-0"]
[WhiteElo "2034"]
[BlackElo "1700"]
[PlyCount "108"]
[EventDate "2006.??.??"]

1. d4 d5 2. Nf3 Nf6 3. c4 c6 4. Nc3 Bf5 5. c5 e6 6. Qb3 Qc7 7. Bf4 Qc8 8. h3
Be7 9. e3 Nbd7 10. Be2 Bd8 11. a4 a5 12. Qa3 Bc7 13. O-O h6 14. Bxc7 Qxc7 15.
b4 O-O 16. Nh4 Bh7 17. f4 Rfe8 18. b5 b6 19. bxc6 Qxc6 20. Bb5 Qc7 21. c6 Nb8
22. Rac1 Ne4 23. Ne2 Nd6 24. Nf3 f6 25. Nd2 Rc8 26. Rc3 Ra7 27. Rfc1 Qd8 28.
Qb3 Rac7 29. Qd1 Qf8 30. Qf1 Nf7 31. Ng3 Nd8 32. Ba6 Nxa6 33. Qxa6 Qb4 34. Qb5
Bg6 35. f5 Bf7 36. fxe6 Bxe6 37. Ngf1 Rb8 38. Rb3 Qd6 39. Rbc3 Bf7 40. Nb3 Qb4
41. Nfd2 Kh8 42. Kh1 Be8 43. Qxd5 Bxc6 44. Rxc6 Nxc6 45. Rxc6 Rxc6 46. Qxc6 b5
47. Qc7 bxa4 48. Nxa5 Rb5 49. Qc8+ Kh7 50. Qc2+ Kh8 51. Qc8+ Kh7 52. Qc2+ Kg8
53. Qc8+ Kf7 54. Qc4+ Ke7 1-0

[Event "Open Ricany 2006"]
[Site "?"]
[Date "2006.??.??"]
[Round "7.26"]
[White "Kylar, Miroslav"]
[Black "Drahorad, Daniel"]
[Result "0-1"]
[WhiteElo "2056"]
[BlackElo "1985"]
[PlyCount "76"]
[EventDate "2006.??.??"]

1. d4 f5 2. c4 Nf6 3. g3 e6 4. Bg2 Be7 5. Nf3 O-O 6. O-O d6 7. Nc3 c6 8. Qc2
Nbd7 9. Re1 Nb6 10. b3 d5 11. c5 Nbd7 12. Ng5 Nb8 13. b4 Qe8 14. a4 Qh5 15. Bf3
Ng4 16. h4 h6 17. Nh3 g5 18. b5 Bf6 19. bxc6 bxc6 20. e3 Qf7 21. Be2 e5 22.
hxg5 hxg5 23. dxe5 Bxe5 24. Nxg5 Qg7 25. Bb2 Qxg5 26. e4 fxe4 27. Nxe4 dxe4 28.
Bc4+ Kg7 29. Rxe4 Bxb2 30. Qxb2+ Qf6 31. Re7+ Kg6 32. Bd3+ Bf5 33. Bxf5+ Kxf5
34. Qc2+ Kg5 35. f4+ Kh5 36. Rae1 Na6 37. Kg2 Qf5 38. Rh7+ 38... Kg6 {
dale necitelne} 0-1

[Event "Open Ricany 2006"]
[Site "?"]
[Date "2006.??.??"]
[Round "7.17"]
[White "Skala, Jaromir"]
[Black "Adamik, Frantisek"]
[Result "1-0"]
[WhiteElo "2079"]
[BlackElo "1868"]
[PlyCount "150"]
[EventDate "2006.??.??"]

1. e4 c5 2. Nf3 d6 3. c3 Qa5 4. Bd3 g6 5. O-O Bg7 6. Bc2 Nh6 7. d4 cxd4 8. cxd4
Qh5 9. Be3 O-O 10. Nbd2 Nd7 11. h3 b6 12. Qe2 Bb7 13. Rac1 Rac8 14. Ba4 Nf6 15.
e5 Nd5 16. Bd7 Rxc1 17. Rxc1 Nxe3 18. Qxe3 Nf5 19. Qd3 Nh4 20. Nxh4 Qxh4 21.
Rc7 Ba8 22. Rxa7 dxe5 23. d5 Qb4 24. Bc6 Bh6 25. Nf1 e4 26. Qa3 Qxa3 27. Rxa3
Bxc6 28. dxc6 Rc8 29. Rc3 Bg7 30. Rc2 f5 31. Ne3 e6 32. Kf1 Kf7 33. b4 Ke7 34.
b5 Bd4 35. Nc4 Rc7 36. a4 Rc8 37. a5 bxa5 38. Nxa5 Kd6 39. Rd2 e5 40. Rd1 Kc7
41. Rb1 Bb6 42. Nc4 Re8 43. Ra1 Bd4 44. Ra6 Rb8 45. Ra5 Bc3 46. Ra3 Bd4 47. Rb3
Ra8 48. Rb1 Ra4 49. b6+ Kxc6 50. b7 Ba7 51. Nxe5+ Kd6 52. Nf7+ Kc7 53. Ng5 h5
54. Ne6+ Kd6 55. Nd8 Kd7 56. Nf7 Kc7 57. Ne5 Ra6 58. Nc4 Bb8 59. Ne3 Rd6 60.
Nc4 Re6 61. Na5 Re5 62. Rc1+ Kd7 63. Rd1+ Kc7 64. Rc1+ Kd7 65. Nc6 Re8 66. Nb4
Kd6 67. Rc8 Re6 68. Rxb8 Kc7 69. Rc8+ Kxb7 70. Rc3 Rb6 71. Nd5 Rb1+ 72. Ke2
Rb2+ 73. Kf1 Rb1+ 74. Ke2 Rb2+ 75. Kf1 Rd2 1-0

[Event "Open Ricany 2006"]
[Site "?"]
[Date "2006.??.??"]
[Round "8.17"]
[White "Macku, Emil"]
[Black "Havelka, Petr"]
[Result "1/2-1/2"]
[WhiteElo "1886"]
[BlackElo "2019"]
[PlyCount "20"]
[EventDate "2006.??.??"]

1. c4 Nf6 2. Nc3 d5 3. cxd5 Nxd5 4. g3 c6 5. Bg2 g6 6. d3 Bg7 7. Bd2 O-O 8. Nf3
Nd7 9. Nxd5 cxd5 10. Bc3 Nf6 1/2-1/2

[Event "Open Ricany 2006"]
[Site "?"]
[Date "2006.??.??"]
[Round "8.4"]
[White "Lizner, Milan"]
[Black "Balhar, Jan"]
[Result "1-0"]
[WhiteElo "2125"]
[BlackElo "2311"]
[PlyCount "39"]
[EventDate "2006.??.??"]

1. e4 c6 2. d4 d5 3. e5 Bf5 4. Nc3 e6 5. g4 Bg6 6. Nge2 {=} 6... c5 7. h4 cxd4
8. Nxd4 h5 9. f4 hxg4 10. f5 Rxh4 11. Rg1 Bxf5 12. Bb5+ {=} 12... Nd7 13. Nxf5
exf5 14. Qxd5 a6 15. e6 fxe6 16. Qxe6+ Ne7 17. Bg5 Rh3 18. Bc4 Qb6 19. Qf7+ Kd8
20. O-O-O 1-0

[Event "Open Ricany 2006"]
[Site "?"]
[Date "2006.??.??"]
[Round "8.27"]
[White "Pokorny, Jiri"]
[Black "Lavrincik, Pavel"]
[Result "1-0"]
[WhiteElo "1855"]
[BlackElo "2000"]
[PlyCount "27"]
[EventDate "2006.??.??"]

1. e4 d6 2. d4 Nf6 3. Nc3 g6 4. Be3 Bg7 5. Qd2 Ng4 6. Bg5 h6 7. Bh4 c6 8. Nf3
Nd7 9. O-O-O Qa5 10. h3 Ngf6 11. e5 Nd5 12. Nxd5 Qxd5 13. c4 Qe6 14. d5 1-0

[Event "Open Ricany 2006"]
[Site "?"]
[Date "2006.??.??"]
[Round "8.29"]
[White "Svitak, David"]
[Black "Plhacek, Vaclav"]
[Result "0-1"]
[WhiteElo "1803"]
[BlackElo "1880"]
[PlyCount "50"]
[EventDate "2006.??.??"]

1. e4 c5 2. Nf3 d6 3. d4 cxd4 4. Nxd4 Nf6 5. Nc3 g6 6. Be3 Bg7 7. Bc4 Nc6 8. f3
O-O 9. Qd2 Bd7 10. O-O-O Rc8 11. g4 Nxd4 12. Qxd4 Nxg4 13. Qd3 Nxe3 14. Bxf7+
Rxf7 15. Qxe3 Rxc3 16. bxc3 Qa5 17. Kd2 Be5 18. Ke2 Bxc3 19. Rb1 b6 20. Rb3 Be5
21. Ra3 Bb5+ 22. Kd1 Qb4 23. Qb3 Qd4+ 24. Kc1 Qa1+ 25. Kd2 Bf4+ 0-1

[Event "Open Ricany 2006"]
[Site "?"]
[Date "2006.??.??"]
[Round "8.21"]
[White "Bernath, Stefan"]
[Black "Zamrazil, Jan"]
[Result "1-0"]
[WhiteElo "1967"]
[BlackElo "1674"]
[PlyCount "45"]
[EventDate "2006.??.??"]

1. e4 e6 2. d4 d5 3. Nd2 Nf6 4. e5 Nfd7 5. Bd3 c5 6. c3 Nc6 7. Ne2 cxd4 8. cxd4
f6 9. exf6 Nxf6 10. Nf3 Bb4+ 11. Bd2 O-O 12. O-O Bd7 13. Rc1 Rc8 14. Rxc6 Bxd2
15. Rxc8 Qxc8 16. Qxd2 Qb8 17. Ne5 Be8 18. Qc2 Qd6 19. Rc1 Qb6 20. Qc3 g5 21.
b4 Nd7 22. Nxd7 Bxd7 23. Qc7 1-0

[Event "Open Ricany 2006"]
[Site "?"]
[Date "2006.??.??"]
[Round "8.12"]
[White "Hrubant, Ivan"]
[Black "Buril, Petr"]
[Result "1/2-1/2"]
[WhiteElo "2133"]
[BlackElo "1976"]
[PlyCount "38"]
[EventDate "2006.??.??"]

1. e4 c5 2. Nf3 g6 3. d4 cxd4 4. Nxd4 Bg7 5. Nc3 Nc6 6. Be3 d6 7. Bc4 Nf6 8. f3
O-O 9. Qd2 Nd7 10. O-O-O Nde5 11. Bb3 Nxd4 12. Bxd4 Be6 13. Nd5 a5 14. Bb6 Qd7
15. Bxa5 Bxd5 16. exd5 Rfc8 17. Bc3 Qb5 18. Bxe5 Bxe5 19. Qd3 Qb4 1/2-1/2

[Event "Open Ricany 2006"]
[Site "?"]
[Date "2006.??.??"]
[Round "8.13"]
[White "Skacel, Jan"]
[Black "Skala, Jaromir"]
[Result "1/2-1/2"]
[WhiteElo "2109"]
[BlackElo "2079"]
[PlyCount "56"]
[EventDate "2006.??.??"]

1. d4 Nf6 2. c4 c6 3. Nf3 d5 4. e3 e6 5. Nc3 Bd6 6. Qc2 Nbd7 7. b3 O-O 8. Bb2
e5 9. cxd5 exd4 10. Nxd4 Nxd5 11. Nxd5 cxd5 12. Bd3 Bb4+ 13. Bc3 Bxc3+ 14. Qxc3
Nf6 15. O-O Be6 16. Qb4 b6 17. Nc6 Qc7 18. Rac1 Qb7 19. Qd6 Ne4 20. Bxe4 20...
dxe4 {=} 21. Nd4 Qd5 22. Qxd5 Bxd5 23. Rc7 Rfc8 24. Rfc1 Rxc7 25. Rxc7 a5 26.
a3 Rd8 27. g3 g6 28. Kg2 Kg7 1/2-1/2

[Event "Open Ricany 2006"]
[Site "?"]
[Date "2006.??.??"]
[Round "8.11"]
[White "Tejkal, Jiri"]
[Black "Vavrinec, Tomas"]
[Result "1-0"]
[WhiteElo "2034"]
[BlackElo "2093"]
[PlyCount "43"]
[EventDate "2006.??.??"]

1. d4 Nf6 2. Nf3 c5 3. d5 e6 4. c4 exd5 5. cxd5 d6 6. Nc3 g6 7. e4 Bg7 8. Bd3
O-O 9. h3 Re8 10. O-O c4 11. Bxc4 Nxe4 12. Nxe4 Rxe4 13. Qc2 Re8 14. Bg5 Bf6
15. Rfe1 Rxe1+ 16. Rxe1 Bxg5 17. Nxg5 Bf5 18. Qd2 h6 19. Nf3 Kg7 20. Qd4+ Qf6
21. Re8 Bd7 22. Rg8+ 1-0

[Event "Open Ricany 2006"]
[Site "?"]
[Date "2006.??.??"]
[Round "8.20"]
[White "Prochazka, Petr"]
[Black "Ruzicka, Vaclav"]
[Result "1-0"]
[WhiteElo "2011"]
[BlackElo "1700"]
[PlyCount "65"]
[EventDate "2006.??.??"]

1. e4 c5 2. Nf3 Nf6 3. Nc3 d6 4. d4 cxd4 5. Nxd4 Nc6 6. Bc4 Bd7 7. Bb3 Rc8 8.
f3 g6 9. Be3 Bg7 10. Qd2 O-O 11. O-O-O Qa5 12. Kb1 Ne5 13. Nd5 Qd8 14. h4 h5
15. Nxf6+ Bxf6 16. g4 hxg4 17. h5 Nc4 18. Bxc4 Rxc4 19. hxg6 fxg6 20. Qh2 Rf7
21. Rd2 Qb6 22. Bg5 Rxd4 23. Bxf6 Rxf6 24. Qh8+ Kf7 25. Rh7+ Ke6 26. Qg7 Ke5
27. Qxe7+ Be6 28. f4+ Rxf4 29. Qg5+ Kxe4 30. Qxg6+ Kd5 31. c4+ Ke5 32. Re2+
Rfe4 33. Qg5+ 1-0

[Event "Open Ricany 2006"]
[Site "?"]
[Date "2006.??.??"]
[Round "8.25"]
[White "Vokolek, Jaroslav"]
[Black "Schmalz, Michal"]
[Result "1/2-1/2"]
[WhiteElo "1734"]
[BlackElo "1626"]
[PlyCount "111"]
[EventDate "2006.??.??"]

1. d4 g6 2. Nf3 Bg7 3. Bf4 c5 4. c3 Qb6 5. Qb3 Qxb3 6. axb3 cxd4 7. Nxd4 e5 8.
Nb5 Na6 9. Be3 Ke7 10. Bxa7 d5 11. e3 Bd7 12. Bc5+ Ke6 13. Rxa6+ Rxa6 14. Nc7+
Kf6 15. Nxd5+ Kf5 16. Bxa6 bxa6 17. Nd2 Nf6 18. Nxf6 Bxf6 19. e4+ Ke6 20. Ke2
Rc8 21. Be3 Be7 22. Ra1 Rc6 23. Nc4 f5 24. exf5+ gxf5 25. Ra5 Bf6 26. f3 h5 27.
Nb6 Bd8 28. Rxa6 Bc8 29. Ra8 Bxb6 30. Bxb6 Rxb6 31. Rxc8 Rxb3 32. Rh8 Rxb2+ 33.
Kf1 Rc2 34. Rh6+ Kf7 35. Rh7+ Kf6 36. Rc7 h4 37. h3 Rc1+ 38. Kf2 Rc2+ 39. Kg1
Rc1+ 40. Kh2 Rc2 41. c4 e4 42. fxe4 fxe4 43. Rc8 Kf5 44. Rh8 e3 45. Rxh4 e2 46.
Rh8 Ke4 47. Re8+ Kd4 48. Kg1 Kd3 49. g4 Kd2 50. Kf2 Kd1 51. Rxe2 Rxe2+ 52. Kg3
Kd2 53. Kf4 Rh2 54. g5 Rxh3 55. g6 Rh1 56. Kf5 1/2-1/2

[Event "Open Ricany 2006"]
[Site "?"]
[Date "2006.??.??"]
[Round "8.26"]
[White "Novak, Jindrich"]
[Black "Feierfeil, Jiri"]
[Result "1/2-1/2"]
[WhiteElo "1966"]
[BlackElo "2013"]
[PlyCount "161"]
[EventDate "2006.??.??"]

1. d3 e6 2. Nc3 d5 3. e4 d4 4. Nce2 c5 5. g3 e5 6. f4 Nc6 7. Bg2 Bd6 8. Nf3
Nge7 9. f5 f6 10. g4 h6 11. h4 Bd7 12. Kf2 Qc7 13. Ng3 O-O-O 14. Nh5 Rdg8 15.
g5 hxg5 16. hxg5 fxg5 17. Nxg5 Nd8 18. f6 gxf6 19. Nxf6 Rxh1 20. Qxh1 Rf8 21.
Ngh7 Rf7 22. Bf3 Ne6 23. Qh5 Nd8 24. Qh1 Rg7 25. Bh5 Nf7 26. Bxf7 Rxf7 27. Qh5
Be6 28. Ke2 Ng8 29. Bg5 b6 30. Rh1 Nxf6 31. Nxf6 Kb7 32. Ne8 Qd7 33. Nxd6+ Qxd6
34. Rf1 Rg7 35. Qh6 Bg4+ 36. Kd2 Rg6 37. Qh4 Qd7 38. Bf6 Qc7 39. Rg1 Qf7 40.
Bxe5 Qf3 41. Re1 Bh5 42. Kc1 Ka6 43. b3 Rg2 44. a4 Bg4 45. Kb1 Rf2 46. Qg3 Rf1
47. Kb2 Qxg3 48. Bxg3 Rxe1 49. Bxe1 Kb7 50. Bg3 a5 51. Bh4 Kc6 52. Bd8 Be6 53.
Kc1 Bh3 54. Kd2 Be6 55. Ke1 Bh3 56. e5 Kb7 57. Kf2 Bd7 58. Kg3 b5 59. axb5 Bxb5
60. Bxa5 Bd7 61. Kf4 Kc6 62. Kg5 Kd5 63. Kf6 Bg4 64. Bb6 Bd7 65. Bc7 Bg4 66.
Bb8 Bc8 67. Ba7 Bg4 68. Bxc5 Kxc5 69. e6 Kd6 70. e7 Bh5 71. b4 Be8 72. Kf5 Kd5
73. Kf4 Bc6 74. Kf5 Be8 75. Kf6 Kd6 76. Kf5 Kd5 77. Kg4 Ke5 78. Kg5 Bd7 79. Kg6
Ke6 80. Kg5 Kxe7 81. Kf4 1/2-1/2

[Event "Open Ricany 2006"]
[Site "?"]
[Date "2006.??.??"]
[Round "8.15"]
[White "Matejovsky, Ondrej"]
[Black "Vanek, Marian"]
[Result "0-1"]
[WhiteElo "2081"]
[BlackElo "1843"]
[PlyCount "52"]
[EventDate "2006.??.??"]

1. e4 e5 2. Nc3 Nf6 3. Nf3 Nc6 4. Bb5 Nd4 5. Nxd4 exd4 6. e5 dxc3 7. exf6 cxd2+
8. Bxd2 Qxf6 9. O-O Be7 10. Bc3 Qg5 11. Re1 O-O 12. Re5 Qf6 13. Re3 Qb6 14. Qh5
Bf6 15. Rh3 h6 16. Bc4 {=} 16... d5 17. Bd3 Bxh3 18. gxh3 Bxc3 19. bxc3 Rae8
20. Qxd5 Qf6 21. Qxb7 Qxc3 22. Rd1 Re5 23. Qf3 Rg5+ 24. Kh1 Qb4 25. c4 Re8 26.
h4 Re1+ 0-1

[Event "Open Ricany 2006"]
[Site "?"]
[Date "2006.??.??"]
[Round "8.23"]
[White "Drahorad, Daniel"]
[Black "Nepustil, Frantisek"]
[Result "1/2-1/2"]
[WhiteElo "1985"]
[BlackElo "1995"]
[PlyCount "66"]
[EventDate "2006.??.??"]

1. e4 c6 2. d4 d5 3. Nc3 g6 4. e5 h5 5. Bd3 Nh6 6. Nce2 Bf5 7. Bxh6 Bxd3 8.
Qxd3 Bxh6 9. f4 e6 10. Nf3 Nd7 11. O-O a6 12. g3 c5 13. c3 c4 14. Qc2 b5 15.
Kg2 Nb8 16. Nh4 Qd7 17. a4 bxa4 18. Rxa4 Bf8 19. Rfa1 Be7 20. Nf3 Qb7 21. Nc1
O-O 22. b3 cxb3 23. Nxb3 Rc8 24. Na5 Qd7 25. c4 dxc4 26. Rxc4 Rxc4 27. Nxc4 Qc6
28. Qd3 Ra7 29. h3 Rc7 30. Rc1 Nd7 31. Rc2 Qb5 32. Nfd2 Qd5+ 33. Kh2 Bc5
1/2-1/2

[Event "Open Ricany 2006"]
[Site "?"]
[Date "2006.??.??"]
[Round "8.13"]
[White "Vanecek, Stanislav"]
[Black "Pliva, Vojtech"]
[Result "1/2-1/2"]
[WhiteElo "2005"]
[BlackElo "2150"]
[PlyCount "77"]
[EventDate "2006.??.??"]

1. e4 e5 2. Nf3 Nf6 3. Nc3 Nc6 4. Bc4 Bc5 5. d3 d6 6. h3 Na5 7. O-O Nxc4 8.
dxc4 h6 9. Qe2 Bd7 10. a3 a5 11. Be3 Bxe3 12. Qxe3 b6 13. Rad1 Qe7 14. Rd3 O-O
15. Rfd1 Rfd8 16. b4 axb4 17. axb4 Be6 18. c5 bxc5 19. bxc5 Rd7 20. cxd6 cxd6
21. Qb6 Qd8 22. Qxd8+ Raxd8 23. g4 Rc8 24. g5 Nh5 25. Nb5 Nf4 26. Rxd6 Rxd6 27.
Rxd6 Rxc2 28. gxh6 gxh6 29. Rd2 Ne2+ 30. Kg2 Nf4+ 31. Kh2 Rxd2 32. Nxd2 Kg7 33.
Nc7 Bd7 34. Nc4 f6 35. Nd6 Kg6 36. Na6 h5 37. Kg3 Ne2+ 38. Kh4 Nd4 39. Nc5 {
dale necitelne} 1/2-1/2

[Event "Open Ricany 2006"]
[Site "?"]
[Date "2006.??.??"]
[Round "8.18"]
[White "Fojtu, Jan"]
[Black "Rerabkova, Lucie"]
[Result "1-0"]
[WhiteElo "2014"]
[BlackElo "1976"]
[PlyCount "61"]
[EventDate "2006.??.??"]

1. Nf3 Nf6 2. g3 g6 3. Bg2 Bg7 4. O-O O-O 5. d3 d6 6. e4 c5 7. Ne1 Nc6 8. h3
Rb8 9. f4 Qc7 10. g4 b5 11. c3 b4 12. Be3 Bb7 13. g5 Nd7 14. h4 e6 15. h5 Rbe8
16. hxg6 hxg6 17. Qg4 bxc3 18. bxc3 d5 19. Rf3 d4 20. Bf2 dxc3 21. Rh3 Nd4 22.
Nxc3 Re7 23. Rc1 Qa5 24. e5 Bxg2 25. Qxg2 Nxe5 26. fxe5 Bxe5 27. Qe4 Qc7 28.
Nb5 Qb8 29. Rxc5 Nxb5 30. Rxe5 f5 31. gxf6 1-0

[Event "Open Ricany 2006"]
[Site "?"]
[Date "2006.??.??"]
[Round "8.6"]
[White "Koys, Milan"]
[Black "Pechacek, Stanislav"]
[Result "1/2-1/2"]
[WhiteElo "2103"]
[BlackElo "2142"]
[PlyCount "84"]
[EventDate "2006.??.??"]

1. e4 c5 2. Nf3 Nc6 3. d4 cxd4 4. Nxd4 Qb6 5. Nb3 Nf6 6. Nc3 e6 7. Be3 Qc7 8.
a3 a6 9. Be2 Be7 10. O-O O-O 11. f4 d6 12. Qe1 b5 13. Qg3 b4 14. axb4 Nxb4 15.
Nd4 Bb7 16. Bd3 d5 17. e5 Nh5 18. Qh3 g6 19. g4 Ng7 20. Rae1 Nxd3 21. cxd3 h5
22. gxh5 Nxh5 23. Qg4 Ng7 24. Nce2 Nf5 25. Nxf5 exf5 26. Qg3 Qd8 27. Bd4 Bc8
28. Qg2 Be6 29. Ng3 Kh7 30. Rf3 Rh8 31. Ree3 Kg7 32. Ne2 a5 33. Rh3 Qd7 34.
Rxh8 Rxh8 35. Rh3 Rxh3 36. Qxh3 Qa4 37. Qg3 Qd1+ 38. Kf2 a4 39. Nc3 Qd2+ 40.
Ne2 Bb4 41. Qf3 Qd1 42. Kg2 Qc2 1/2-1/2

[Event "Open Ricany 2006"]
[Site "?"]
[Date "2006.??.??"]
[Round "8.22"]
[White "Voracek, Zdenek"]
[Black "Vlcek, Jan"]
[Result "1-0"]
[WhiteElo "2057"]
[BlackElo "1673"]
[PlyCount "73"]
[EventDate "2006.??.??"]

1. d4 d6 2. c4 Nf6 3. Nc3 g6 4. e4 Bg7 5. f3 O-O 6. Be3 Nbd7 7. Qd2 c6 8. Bd3
Qa5 9. Nge2 c5 10. O-O a6 11. b3 Qc7 12. Rad1 b6 13. h3 Bb7 14. Nd5 Nxd5 15.
cxd5 Rfc8 16. Rc1 Qd8 17. f4 Rc7 18. dxc5 Nxc5 19. Bc2 Rcc8 20. f5 b5 21. fxg6
hxg6 22. Rf2 Nd7 23. Rcf1 Nf6 24. Nd4 Rc7 25. Bh6 Qe8 26. Bxg7 Kxg7 27. Qg5 Kh7
28. Rf4 Qf8 29. Rh4+ Nh5 30. Bd1 f6 31. Qe3 Qh6 32. Qxh6+ Kxh6 33. g4 Rg8 34.
gxh5 gxh5+ 35. Kh1 Rcc8 36. Rxh5+ Kg7 37. Rg1+ 1-0

[Event "Open Ricany 2006"]
[Site "?"]
[Date "2006.??.??"]
[Round "8.3"]
[White "Vojta, Pavel"]
[Black "Mazoch, Jiri"]
[Result "1-0"]
[WhiteElo "2136"]
[BlackElo "2090"]
[PlyCount "129"]
[EventDate "2006.??.??"]

1. d4 Nf6 2. Nf3 d5 3. e3 Bf5 4. c4 e6 5. Nc3 c6 6. Qb3 Qb6 7. Be2 Nbd7 8. O-O
Be7 9. Qxb6 axb6 10. b3 h6 11. Bb2 O-O 12. Nd2 Ra7 13. a4 Rfa8 14. f3 Bb4 15.
Rac1 h5 16. Rfd1 Bg6 17. Ndb1 dxc4 18. Bxc4 Nd5 19. Bxd5 exd5 20. Ba3 Bxa3 21.
Nxa3 b5 22. Nc2 bxa4 23. Nxa4 Re8 24. Kf2 Ra5 25. Nc3 Nb6 26. Re1 Bxc2 27. Rxc2
Ra3 28. Rb2 f5 29. h4 Kf7 30. Rc1 g6 31. Ne2 Rea8 32. Nf4 R8a5 33. g4 hxg4 34.
fxg4 fxg4 35. Kg3 Ra2 36. Rbb1 Nc8 37. Rf1 Ne7 38. h5 gxh5 39. Nxh5+ Kg6 40.
Nf4+ Kg5 41. Ne6+ Kg6 42. Kxg4 Rg2+ 43. Kf3 Rh2 44. Rg1+ Kf6 45. Nf4 Raa2 46.
Rbf1 Nf5 47. Rg6+ Kf7 48. Rg2 Nh4+ 49. Kg3 Rhxg2+ 50. Nxg2+ Ke7 51. Nxh4 Rb2
52. Kf4 Rxb3 53. Nf5+ Ke6 54. Rh1 Rb2 55. Rh6+ Kd7 56. Ke5 Rb3 57. Rh7+ Kc8 58.
Kd6 Kb8 59. Rh1 Rb4 60. Ng7 Rb3 61. Re1 Kc8 62. Ne8 Rb6 63. Ra1 Kb8 64. Nc7 c5+
65. Kd7 1-0

[Event "Open Ricany 2006"]
[Site "?"]
[Date "2006.??.??"]
[Round "8.28"]
[White "Vorackova, Jarmila"]
[Black "Kylar, Miroslav"]
[Result "0-1"]
[WhiteElo "1908"]
[BlackElo "2056"]
[PlyCount "72"]
[EventDate "2006.??.??"]

1. d4 d5 2. c4 e6 3. Nc3 Nf6 4. Nf3 Nbd7 5. cxd5 Nxd5 6. e4 Nxc3 7. bxc3 c6 8.
Bc4 Be7 9. O-O O-O 10. Re1 Re8 11. Bb2 b5 12. Bb3 Bb7 13. Qd3 Nc5 14. Qe3 Nxb3
15. axb3 Qb6 16. b4 a5 17. bxa5 Rxa5 18. Ne5 Rea8 19. Rxa5 Rxa5 20. Qf4 f6 21.
Nd3 Qd8 22. e5 f5 23. g4 g5 24. Qf3 f4 25. Qe4 Ra2 26. Qe2 c5 27. f3 cxd4 28.
cxd4 Ba3 29. Ra1 Rxa1+ 30. Bxa1 Qd5 31. Kg2 b4 32. Nc5 b3 33. Ne4 Qc6 34. Nf6+
Kh8 35. Kh3 Ba6 36. Qe4 Bf1# 0-1

[Event "Open Ricany 2006"]
[Site "?"]
[Date "2006.??.??"]
[Round "8.8"]
[White "Boleslav, Petr"]
[Black "Kojetsky, Pavel"]
[Result "0-1"]
[WhiteElo "2044"]
[BlackElo "2168"]
[PlyCount "90"]
[EventDate "2006.??.??"]

1. e4 e6 2. d4 d5 3. e5 c5 4. Nc3 a6 5. Nf3 Nc6 6. dxc5 Bxc5 7. Bd3 Nge7 8. O-O
Ng6 9. Re1 Qc7 10. Qe2 Nd4 11. Nxd4 Bxd4 12. Bxg6 hxg6 13. Bf4 Bd7 14. a4 Rc8
15. Ra3 Qc4 16. Bd2 Rh5 17. Rb3 b5 18. axb5 axb5 19. Nxb5 Bxb5 20. Rxb5 Qxe2
21. Rxe2 Rxc2 22. Rb8+ Kd7 23. Rb7+ Kc6 24. Rxf7 Rxe5 25. Kf1 Rxb2 26. Rxe5
Bxe5 27. Bf4 Bd4 28. Be3 Bf6 29. Ke1 d4 30. Bd2 d3 31. f3 Bd4 32. Rf8 Rb1+ 33.
Bc1 Rxc1+ 34. Kd2 Rg1 35. Kxd3 Bf6 36. Rc8+ Kd7 37. Rc2 Rh1 38. h3 g5 39. Re2
Kd6 40. Ke4 Rd1 41. Ke3 Kd5 42. Kf2 Be5 43. g3 Bd4+ 44. Kg2 Rg1+ 45. Kh2 Rb1
0-1

[Event "Open Ricany 2006"]
[Site "?"]
[Date "2006.??.??"]
[Round "8.19"]
[White "Boucek, Vlastimil"]
[Black "Adamik, Frantisek"]
[Result "0-1"]
[WhiteElo "2033"]
[BlackElo "1868"]
[PlyCount "100"]
[EventDate "2006.??.??"]

1. e4 c5 2. Nc3 e5 3. d3 Bd6 4. g3 Ne7 5. Bg2 O-O 6. Nge2 Nbc6 7. Nb5 Bb8 8.
Be3 b6 9. c3 a6 10. Na3 Ng6 11. d4 cxd4 12. cxd4 Bb7 13. d5 Na5 14. b4 Qe7 15.
bxa5 Qxa3 16. axb6 f5 17. exf5 Rxf5 18. O-O Bd6 19. Qb1 Raf8 20. Qb3 Qa5 21.
Rac1 Ne7 22. Nc3 R5f7 23. Be4 Nf5 24. Bxf5 Rxf5 25. Rc2 Rf3 26. Rd2 Bb4 27. Rc1
Bc5 28. Rd3 Rxf2 29. Bxf2 Bxf2+ 30. Kg2 Bd4 31. Kh3 d6 32. g4 h5 33. gxh5 Bc8+
34. Kg3 Bxb6 35. Ne4 Bf5 36. Nxd6 Bxd3 37. Qxd3 Qxa2 38. Ne4 Bf2+ 39. Kh3 Bd4
40. Rc2 Qxd5 41. Re2 Qd7+ 42. Kg2 Qc6 43. Rc2 Qd5 44. Re2 a5 45. Kg3 a4 46. Qa6
Qb3+ 47. Kh4 Rf4+ 48. Kg5 Qf7 49. Qc8+ Kh7 50. h3 Qe7+ 0-1

[Event "Open Ricany 2006"]
[Site "?"]
[Date "2006.??.??"]
[Round "8.16"]
[White "Sochorova, Jana"]
[Black "Koper, Stefan"]
[Result "1-0"]
[WhiteElo "1761"]
[BlackElo "2058"]
[PlyCount "91"]
[EventDate "2006.??.??"]

1. Nf3 g6 2. d4 Bg7 3. c4 d5 4. Nc3 e6 5. e3 Nf6 6. Be2 O-O 7. O-O Nbd7 8. b4
a5 9. Qb3 axb4 10. Qxb4 dxc4 11. Bxc4 c6 12. a4 Nd5 13. Qb3 Nxc3 14. Qxc3 Nb6
15. Bb3 Nd5 16. Qc2 Re8 17. Bb2 Nb4 18. Qd2 Nd5 19. Rfc1 Bh6 20. Qe1 Bd7 21.
Rcb1 Bf8 22. Ba3 Bxa3 23. Rxa3 Qe7 24. Raa1 Ra7 25. Ne5 Rea8 26. Bc2 Be8 27. e4
Nf6 28. Qc3 Nh5 29. Rb6 Nf4 30. Qf3 Qg5 31. Rab1 c5 32. g3 Nh5 33. Rxb7 Rxb7
34. Rxb7 f6 35. Nd3 cxd4 36. Bb3 Ra6 37. h4 Qa5 38. g4 Rb6 39. Re7 Rxb3 40.
gxh5 f5 41. Rxe8+ Kf7 42. Rc8 Qxa4 43. hxg6+ hxg6 44. exf5 exf5 45. Qd5+ Ke7
46. Rc7+ 1-0

[Event "Open Ricany 2006"]
[Site "?"]
[Date "2006.??.??"]
[Round "8.24"]
[White "Maly, Filip"]
[Black "Lexa, Vaclav"]
[Result "1-0"]
[WhiteElo "1987"]
[BlackElo "1927"]
[PlyCount "83"]
[EventDate "2006.??.??"]

1. e4 c5 2. Nf3 d6 3. d4 cxd4 4. Nxd4 Nf6 5. Nc3 a6 6. Be3 e5 7. Nb3 Be6 8. Be2
b5 9. a3 Be7 10. O-O Nbd7 11. Qe1 Rc8 12. f4 O-O 13. Nd2 Nb6 14. Qg3 Qc7 15. f5
Bc4 16. Bh6 g6 17. fxg6 fxg6 18. Nxc4 Nxc4 19. Bxf8 Rxf8 20. Bxc4+ Qxc4 21. Qd3
Qc5+ 22. Kh1 Rc8 23. Rf3 Kg7 24. Raf1 Rf8 25. Nd5 Nxd5 26. Rxf8 Bxf8 27. Qxd5
Qxd5 28. exd5 Be7 29. Kg1 Bg5 30. Kf2 Kf7 31. Ke2+ Ke7 32. Kd3 h5 33. c4 bxc4+
34. Kxc4 e4 35. Kd4 e3 36. Re1 Kf6 37. Rf1+ Ke7 38. Kd3 Bh6 39. Rc1 Kf6 40. Ke4
h4 41. b4 g5 42. Rf1+ 1-0